[Event "Modena Province-ch 11"]
[Site "Modena"]
[Date "2010.12.10"]
[Round "1"]
[White "Venturelli, Giuseppe"]
[Black "Vincenzi, Marco"]
[Result "0-1"]
[WhiteElo "1677"]
[BlackElo "2097"]
[PlyCount "88"]
[EventDate "2010.12.10"]
[EventType "swiss"]
[EventRounds "5"]
[EventCountry "ITA"]
[SourceTitle "EXT 2024"]
[Source "ChessBase"]
[SourceDate "2023.10.10"]
[SourceVersion "1"]
[SourceVersionDate "2023.10.10"]
[SourceQuality "1"]

1. d4 Nf6 2. c4 g6 3. Nc3 d5 4. Bf4 Bg7 5. e3 c5 6. Nf3 0-0 7. Be2 cxd4 8. Nxd4 dxc4 9. Bxc4 Qa5 10. Nb3 Qb4 11. Qd4 Nc6 12. Qc5 Nh5 13. Qxb4 Nxb4 14. 0-0 Nxf4 15. exf4 Bf5 16. a3 Bd3 17. Bxd3 Nxd3 18. Rab1 Nxf4 19. Rfe1 e6 20. Rbd1 Rfd8 21. Rxd8+ Rxd8 22. Rd1 Rxd1+ 23. Nxd1 b6 24. Nd2 Kf8 25. g3 Nd5 26. Kf1 Ke7 27. Ke2 f5 28. Kd3 b5 29. Nb3 Kd6 30. Nd4 a6 31. b4 e5 32. Nb3 e4+ 33. Ke2 Nb6 34. Nc5 Nc4 35. a4 bxa4 36. Nxa4 Kc6 37. Nc5 Kb5 38. Ne3 Nxe3 39. fxe3 Bf8 40. Ne6 Bxb4 41. g4 fxg4 42. Ng5 Bd6 43. Nxh7 Be7 44. Kd2 Kc4 0-1

[Event "Modena Province-ch"]
[Site "Modena"]
[Date "2009.12.12"]
[Round "2"]
[White "Decaneto, Erick"]
[Black "Venturelli, Giuseppe"]
[Result "1-0"]
[WhiteElo "1685"]
[BlackElo "1518"]
[PlyCount "56"]
[EventDate "2009.12.11"]
[EventType "swiss"]
[EventRounds "5"]
[EventCountry "ITA"]
[SourceTitle "EXT 2012"]
[Source "ChessBase"]
[SourceDate "2011.11.24"]
[SourceVersion "1"]
[SourceVersionDate "2011.11.24"]
[SourceQuality "1"]

1. d4 d5 2. c4 Nc6 3. Nc3 e6 4. Nf3 Bb4 5. a3 Bxc3+ 6. bxc3 b6 7. Bf4 Bb7 8. e3 Rc8 9. Qa4 Nge7 10. cxd5 Qxd5 11. Bb5 Qd7 12. Ne5 Qd5 13. 0-0 0-0 14. c4 Qd8 15. Nxc6 Bxc6 16. Bxc6 h6 17. Rac1 a5 18. c5 Rb8 19. Bf3 Nd5 20. Bxd5 Qxd5 21. Bxc7 Rb7 22. cxb6 Ra8 23. Qc6 Qxc6 24. Rxc6 Rc8 25. Rc5 a4 26. Rb1 Kh7 27. Rb4 f6 28. Rxa4 e5 1-0